000 00507 a2200181 4500
005 20250619152751.0
020 _a978-1-266-81335-1
082 _a658.3 NOE
100 _aNOE, A. R
245 _aFundamentals of Human Resource Management
250 _a6th Ed.
260 _aBoston
_bMcGraw-Hill Irwin
_c2007.
300 _axxiv, 594p.:ill.;charts, figures,pictures
_bGlossary and Index
_c25cm
700 _aJohn R. Hollenbeck
700 _aPatrick M. Wright
700 _aBarry Gerhart
942 _2ddc
_cBKS
999 _c4308
_d4308